बहुरंगी मधुपुरी / (Record no. 114764)
[ view plain ]
| 000 -LEADER | |
|---|---|
| fixed length control field | 01117nam a22002777a 4500 |
| 003 - CONTROL NUMBER IDENTIFIER | |
| control field | dpl |
| 005 - DATE AND TIME OF LATEST TRANSACTION | |
| control field | 20190705164530.0 |
| 008 - FIXED-LENGTH DATA ELEMENTS--GENERAL INFORMATION | |
| fixed length control field | 180705b xxu||||| |||| 00| 0 eng d |
| 010 ## - LIBRARY OF CONGRESS CONTROL NUMBER | |
| LC control number | A-929513, A-929517 |
| 020 ## - INTERNATIONAL STANDARD BOOK NUMBER | |
| Terms of availability | 65.00 |
| 035 ## - SYSTEM CONTROL NUMBER | |
| System control number | A-881727, A-929517 |
| 037 ## - SOURCE OF ACQUISITION | |
| Source of stock number/acquisition | Cen Lib/Ret |
| 040 ## - CATALOGING SOURCE | |
| Original cataloging agency | DPL |
| Language of cataloging | HN |
| Transcribing agency | 0 |
| 082 ## - DEWEY DECIMAL CLASSIFICATION NUMBER | |
| Classification number | क |
| Item number | सांकृत्या |
| 100 ## - MAIN ENTRY--PERSONAL NAME | |
| Personal name | सांकृत्यायन, राहुल |
| 9 (RLIN) | 9382 |
| 245 ## - TITLE STATEMENT | |
| Title | बहुरंगी मधुपुरी / |
| Statement of responsibility, etc | राहुल सांकृत्यायन |
| 246 ## - VARYING FORM OF TITLE | |
| Title proper/short title | Bahurangi madhupuri / |
| Remainder of title | by Rahul Sankrityayan |
| 260 ## - PUBLICATION, DISTRIBUTION, ETC. (IMPRINT) | |
| Place of publication, distribution, etc | इलाहाबाद |
| Name of publisher, distributor, etc | किताब महल |
| Date of publication, distribution, etc | 1947 |
| 270 ## - ADDRESS | |
| City | इलाहाबाद |
| Address | 22-ए, सरोजनी नायडू मार्ग |
| 300 ## - PHYSICAL DESCRIPTION | |
| Extent | iii, 277पृ. |
| Dimensions | 21सेमी (सजिल्द) |
| 650 ## - SUBJECT ADDED ENTRY--TOPICAL TERM | |
| Topical term or geographic name as entry element | हिन्दी साहित्य |
| 9 (RLIN) | 58228 |
| 650 ## - SUBJECT ADDED ENTRY--TOPICAL TERM | |
| Topical term or geographic name as entry element | कहानी संग्रह |
| 9 (RLIN) | 58229 |
| 650 ## - SUBJECT ADDED ENTRY--TOPICAL TERM | |
| Topical term or geographic name as entry element | Hindi literature |
| 9 (RLIN) | 58230 |
| 650 ## - SUBJECT ADDED ENTRY--TOPICAL TERM | |
| Topical term or geographic name as entry element | Story collection |
| 9 (RLIN) | 58231 |
| 942 ## - ADDED ENTRY ELEMENTS (KOHA) | |
| Source of classification or shelving scheme | Dewey Decimal Classification |
| Koha item type | Hindi Books |
| Classification part | क |
| Call number suffix | सांकृत्या |
| Withdrawn status | Lost status | Damaged status | Not for loan | Home library | Current library | Date acquired | Source of acquisition | Cost, normal purchase price | Total Checkouts | Full call number | Barcode | Date last seen | Copy number | Cost, replacement price | Price effective from | Koha item type | Source of classification or shelving scheme | Collection code | Date checked out |
|---|---|---|---|---|---|---|---|---|---|---|---|---|---|---|---|---|---|---|---|
| Central Library | Central Library | 18/08/2015 | Cen Lib/Ret | 65.00 | क सांकृत्या | A-929513 | 18/08/2015 | 1 | 65.00 | 18/08/2015 | Hindi Books | ||||||||
| Shahdara Branch | Shahdara Branch | 05/07/2018 | BPPD/PUB | 65.00 | क सांकृत्या | A-929517 | 05/07/2018 | 65.00 | 05/07/2018 | Hindi Books | Dewey Decimal Classification | Fiction | |||||||
| Shahdara Branch | Shahdara Branch | 05/07/2019 | 1 | क सांकृत्या | A-929517 | 19/07/2019 | 05/07/2019 | Hindi Books | Dewey Decimal Classification | 05/07/2019 |
